نجوم من الشرقية

محفوظ في:

المؤلف الرئيسي: سمير كرم فريد.

التنسيق: كتاب

اللغة: Undetermined

منشور في: Cairo Qased Khir Press 1974

الوسوم: إضافة وسم

لا توجد وسوم, كن أول من يضع وسما على هذه التسجيلة!

رقم الطلب: A99 FARI

LEADER 00340nam a2200121Ia 4500
008 240404s9999||||xx |||||||||||||| ||und||
050 4 |a A99 FARI 
100 1 |a سمير كرم فريد. 
245 1 0 |a نجوم من الشرقية  |c سمير كرم فريد 
264 1 |a Cairo  |b Qased Khir Press  |c 1974 
300 |a 126  |c 20 
942 |2 lcc  |c BK 
999 |c 58024  |d 58024